[Event "DVM U16 2015"]
[Site "Lingen (Ems) GER"]
[Date "2015.12.30"]
[Round "7"]
[White "Färber, David"]
[Black "Rössel, Louis"]
[Result "1-0"]
[Termination "normal"]
[Board "6.2"]
[WhiteElo "2000"]
[BlackElo "1772"]
[WhiteTeam "SV 1947 Walldorf"]
[BlackTeam "FVS ASP Hoyerswerda"]
[PlyCount "73"]
[WhiteFideId "12971294"]
[BlackFideId "12966398"]
[EventCountry "GER"]
[EventRounds "7"]
[EventType "team-swiss"]
[EventDate "2015.12.26"]

1. e4 c5 2. Nf3 d6 3. d4 cxd4 4. Nxd4 Nf6 5. Nc3 a6 6. Bg5 Nbd7 7. Qe2 e6 8.
O-O-O Be7 9. f4 Qc7 10. g4 b5 11. a3 Bb7 12. Bg2 h6 13. Bxf6 Nxf6 14. h4 O-O-O
15. g5 hxg5 16. hxg5 Rxh1 17. Rxh1 Nd7 18. Rh7 d5 19. e5 Bf8 20. Bh3 Re8 21. g6
Nc5 22. Qg4 Kb8 23. gxf7 Re7 24. Rh8 Rxf7 25. Nxe6 Nxe6 26. Qxe6 d4 27. Qe8+
Ka7 28. Nxb5+ axb5 29. Rxf8 Rxf8 30. Qxf8 Be4 31. Qc8 Qa5 32. Qc5+ Ka8 33. Qf8+
Ka7 34. Qxg7+ Kb8 35. Qg8+ Ka7 36. Qg1 Qa4 37. Qd1 1-0

[Event "DVM U16 2015"]
[Site "Lingen (Ems) GER"]
[Date "2015.12.30"]
[Round "7"]
[White "Laskow, Vincent"]
[Black "Baureis, Julian"]
[Result "1-0"]
[Termination "normal"]
[Board "6.3"]
[WhiteElo "1733"]
[BlackElo "1664"]
[WhiteTeam "FVS ASP Hoyerswerda"]
[BlackTeam "SV 1947 Walldorf"]
[PlyCount "127"]
[WhiteFideId "12947652"]
[BlackFideId "12991112"]
[EventCountry "GER"]
[EventRounds "7"]
[EventType "team-swiss"]
[EventDate "2015.12.26"]

1. d4 d5 2. Nf3 Nf6 3. c4 e6 4. Nc3 Be7 5. Bg5 O-O 6. e3 b6 7. cxd5 exd5 8. Bd3
Bb7 9. O-O Nbd7 10. Rc1 h6 11. Bf4 c5 12. dxc5 Nxc5 13. Bb1 Bd6 14. Bxd6 Qxd6
15. e4 Qd8 16. exd5 Nxd5 17. Nxd5 Qxd5 18. Qc2 Qe4 19. Qxc5 bxc5 20. Bxe4 Bxe4
21. Rxc5 Rfd8 22. Rfc1 Rab8 23. b3 g5 24. h3 Rb6 $11 25. Rc7 Ra6 26. a4 Bxf3
27. gxf3 Rd3 28. R1c3 Rxc3 29. Rxc3 Rb6 30. Kg2 Kg7 31. Kg3 Kg6 32. a5 Rb5 33.
b4 Rxb4 34. Rc7 f5 35. Rxa7 Ra4 36. Ra8 f4+ 37. Kg2 Ra1 38. a6 Kg7 $11 39. a7
Kh7 40. h4 Kg7 41. hxg5 hxg5 42. Kh3 Kh7 43. Kg4 Ra5 44. Rf8 Rxa7 45. Kxg5 Ra2
46. Rxf4 Rxf2 47. Kf6 Ra2 48. Re4 Kg8 49. Re8+ Kh7 50. f4 Rh2 $11 51. Re7+ Kg8
52. Re8+ Kh7 53. f5 Ra2 54. Kf7 Kh6 55. f6 Kh7 56. Kf8 Kg6 57. f7 Kf6 $11 58.
Rb8 Ra1 59. Rb6+ Kf5 60. Kg8 Rg1+ 61. Kh7 Rh1+ 62. Rh6 Rxh6+ 63. Kxh6 Kf6 64.
f8=Q+ 1-0

[Event "DVM U16 2015"]
[Site "Lingen (Ems) GER"]
[Date "2015.12.30"]
[Round "7"]
[White "Brede, Robert"]
[Black "Hassemeier, Mika"]
[Result "0-1"]
[Termination "normal"]
[Board "6.4"]
[WhiteElo "1448"]
[BlackElo "1773"]
[WhiteTeam "SV 1947 Walldorf"]
[BlackTeam "FVS ASP Hoyerswerda"]
[PlyCount "80"]
[WhiteFideId "12971405"]
[BlackFideId "12994880"]
[EventCountry "GER"]
[EventRounds "7"]
[EventType "team-swiss"]
[EventDate "2015.12.26"]

1. c4 Nf6 2. Nc3 g6 3. g3 Bg7 4. Bg2 O-O 5. Nf3 d6 6. O-O e5 7. d3 c6 8. Bg5 h6
9. Bd2 Nh5 10. Rb1 a5 11. a3 f5 12. b4 f4 13. b5 g5 14. bxc6 bxc6 15. Be1 Be6
16. Nd2 Qc7 17. Qb3 Ra7 18. Nde4 g4 19. Nd2 Nd7 20. Qa4 Ra6 21. Bh1 Nc5 22. Qc2
Bf5 23. Nde4 Nxe4 24. Bxe4 Qf7 25. Bd2 Qe6 26. Qc1 Bxe4 27. Nxe4 f3 28. Re1 Qg6
29. Kh1 Rf5 30. Rb8+ Kh7 31. c5 d5 32. Nd6 Rf8 33. Rb7 fxe2 34. Rxe2 Qxd3 35.
Re3 Qg6 36. Rxe5 Rxf2 37. Be3 Rf8 38. Bd4 Qd3 39. Qe3 Qd1+ 40. Kg2 Qf1# 0-1

[Event "DVM U16 2015"]
[Site "Lingen (Ems) GER"]
[Date "2015.12.30"]
[Round "7"]
[White "Kania, Markus"]
[Black "Knudsen, Simon"]
[Result "0-1"]
[Termination "normal"]
[Board "7.1"]
[WhiteElo "1796"]
[BlackElo "1912"]
[WhiteTeam "MTV 1876 Saalfeld"]
[BlackTeam "SV Horst-Emscher 31"]
[PlyCount "62"]
[WhiteFideId "12903736"]
[BlackFideId "12985546"]
[EventCountry "GER"]
[EventRounds "7"]
[EventType "team-swiss"]
[EventDate "2015.12.26"]

1. Nf3 Nf6 2. d4 g6 3. c4 Bg7 4. g3 d5 5. cxd5 Nxd5 6. e4 Nb6 7. Bg2 Bg4 8. e5
Nc6 9. Be3 Qd7 10. Nc3 Rd8 11. h3 Bxf3 12. Bxf3 O-O 13. Ne2 Nc4 14. Qb3 Nxe3
15. fxe3 Bxe5 16. dxe5 Nxe5 17. Be4 Qd2+ 18. Kf2 Nd3+ 19. Bxd3 Rxd3 20. Qxb7
Qxe3+ 21. Ke1 Rd2 22. Qg2 Rfd8 23. Rf1 Rxb2 24. Qf3 Qd2+ 25. Kf2 Rd3 26. Qe4
Rd6 27. Rae1 Re6 28. Qc4 Rc2 29. Qb5 c6 30. Qa6 Rxa2 31. Qc4 Qe3+ 0-1

[Event "DVM U16 2015"]
[Site "Lingen (Ems) GER"]
[Date "2015.12.30"]
[Round "7"]
[White "Walker, Julia"]
[Black "Ratay, Meike"]
[Result "1-0"]
[Termination "normal"]
[Board "7.2"]
[WhiteElo "1772"]
[BlackElo "1678"]
[WhiteTeam "SV Horst-Emscher 31"]
[BlackTeam "MTV 1876 Saalfeld"]
[PlyCount "95"]
[WhiteFideId "1271852"]
[BlackFideId "12977608"]
[EventCountry "GER"]
[EventRounds "7"]
[EventType "team-swiss"]
[EventDate "2015.12.26"]

1. e4 e5 2. Nf3 Nc6 3. d4 exd4 4. Bc4 Nf6 5. e5 Ne4 6. Qe2 Nc5 7. c3 d3 8. Qe3
Be7 9. b4 Ne6 10. O-O d5 11. exd6 Qxd6 12. Rd1 Bf6 13. Rxd3 Qe7 14. Ba3 Ng5 15.
Nbd2 Qxe3 16. Rxe3+ Ne6 17. Ne4 Be7 18. Rae1 O-O 19. Bxe6 Bxe6 20. Neg5 Nd8 21.
Rd1 h6 22. Nxe6 Nxe6 23. Nd4 Rfd8 24. Red3 Nxd4 25. Rxd4 b5 26. Rd5 Rxd5 27.
Rxd5 Rd8 28. c4 Rxd5 29. cxd5 a5 30. Kf1 Bxb4 31. Bxb4 axb4 32. Ke2 Kf8 33. Kd3
Ke7 34. Ke3 Kd6 35. Kd4 f6 36. h3 c6 37. dxc6 Kxc6 38. f3 Kd6 39. f4 Kc6 40. g4
Kd6 41. h4 h5 42. gxh5 Ke6 43. Ke4 Kd6 44. h6 gxh6 45. Kf5 Ke7 46. Kg6 Ke6 47.
Kxh6 Kf7 48. f5 1-0

[Event "DVM U16 2015"]
[Site "Lingen (Ems) GER"]
[Date "2015.12.30"]
[Round "7"]
[White "Grund, Sebastian"]
[Black "Rebentisch, Tom"]
[Result "0-1"]
[Termination "normal"]
[Board "7.3"]
[WhiteElo "1778"]
[BlackElo "1838"]
[WhiteTeam "MTV 1876 Saalfeld"]
[BlackTeam "SV Horst-Emscher 31"]
[PlyCount "80"]
[WhiteFideId "12988626"]
[BlackFideId "16202627"]
[EventCountry "GER"]
[EventRounds "7"]
[EventType "team-swiss"]
[EventDate "2015.12.26"]

1. d4 d5 2. Nf3 Bf5 3. g3 Nf6 4. Bg2 e6 5. O-O Be7 6. c4 O-O 7. Nc3 c6 8. Nh4
Bg6 9. Nxg6 hxg6 10. b3 Nbd7 11. e4 Nxe4 12. Nxe4 dxe4 13. Bxe4 Nf6 14. Bg2 Qc7
15. Bb2 Rad8 16. Qc2 Rd7 17. Rac1 Rfd8 18. h3 Nh7 19. f4 Bf6 20. Rcd1 Bxd4+ 21.
Bxd4 Rxd4 22. Rxd4 Rxd4 23. Rd1 Qd8 24. Rxd4 Qxd4+ 25. Qf2 Qxf2+ 26. Kxf2 c5
27. Ke3 Nf6 28. a3 Kf8 29. b4 b6 30. b5 Ke7 31. g4 Ne8 32. Bf1 Nd6 33. Bd3 Kf6
34. h4 e5 35. g5+ Ke6 36. Kf3 e4+ 37. Bxe4 Nxc4 38. a4 Nd2+ 39. Ke3 Nxe4 40.
Kxe4 f6 0-1

[Event "DVM U16 2015"]
[Site "Lingen (Ems) GER"]
[Date "2015.12.30"]
[Round "7"]
[White "Karabügül, Okan"]
[Black "Grund, Melanie"]
[Result "1-0"]
[Termination "normal"]
[Board "7.4"]
[WhiteElo "1821"]
[BlackElo "1693"]
[WhiteTeam "SV Horst-Emscher 31"]
[BlackTeam "MTV 1876 Saalfeld"]
[PlyCount "77"]
[WhiteFideId "12981842"]
[BlackFideId "12988804"]
[EventCountry "GER"]
[EventRounds "7"]
[EventType "team-swiss"]
[EventDate "2015.12.26"]

1. e4 e5 2. Nf3 Nc6 3. Bc4 Bc5 4. b4 Bxb4 5. c3 Ba5 6. d4 exd4 7. O-O dxc3 8.
Qb3 Qf6 9. e5 Qg6 10. Nxc3 Nge7 11. Ne2 O-O 12. Nf4 Qe4 13. Ng5 Qf5 14. Qg3
Nxe5 15. Nd5 Nxd5 16. Bxd5 h6 17. Be4 Qg4 18. Qxe5 hxg5 19. Bb2 f6 20. Bd5+ Kh8
21. Qe3 c6 22. Ba3 Bb4 23. h3 Qf4 24. Qxf4 gxf4 25. Bxb4 Re8 26. Bf7 Re4 27.
Bg6 Re5 28. Bd6 Rg5 29. Bc2 f3 30. g3 b6 31. Rfe1 Ba6 32. Re7 Rd5 33. Rd1 Ra5
34. Rd4 g5 35. Bb4 Rxa2 36. Rdxd7 c5 37. Rh7+ Kg8 38. Bb3+ Kf8 39. Rh8# 1-0

[Event "DVM U16 2015"]
[Site "Lingen (Ems) GER"]
[Date "2015.12.30"]
[Round "7"]
[White "Bauer, Björn-Benny"]
[Black "Rätzke von Stoyentin, Steffen"]
[Result "1-0"]
[Termination "normal"]
[Board "8.1"]
[WhiteElo "2065"]
[BlackElo "1984"]
[WhiteTeam "SK Gau-Algesheim"]
[BlackTeam "SC Aurich"]
[PlyCount "61"]
[WhiteFideId "24698741"]
[BlackFideId "12907502"]
[EventCountry "GER"]
[EventRounds "7"]
[EventType "team-swiss"]
[EventDate "2015.12.26"]

1. d4 Nf6 2. c4 g6 3. Nc3 d5 4. cxd5 Nxd5 5. e4 Nxc3 6. bxc3 Bg7 7. Bc4 c5 8.
Ne2 Nc6 9. Be3 O-O 10. O-O Qc7 11. Rc1 Rd8 12. Qd2 a6 13. Bh6 b5 14. Bxg7 Kxg7
15. Bd3 Qd6 16. d5 c4 17. Bb1 e6 18. Rcd1 Kg8 19. Qe3 Bb7 20. dxc6 Qxd1 21. Nd4
Qxf1+ 22. Kxf1 Bxc6 23. Nxc6 Rd1+ 24. Ke2 Rxb1 25. Qd4 Rb2+ 26. Ke3 h5 27. Ne7+
Kh7 28. Qf6 Rf8 29. Nxg6 Rd8 30. Qxf7+ Kh6 31. Nf4 1-0

[Event "DVM U16 2015"]
[Site "Lingen (Ems) GER"]
[Date "2015.12.30"]
[Round "7"]
[White "Neumann, Tiemon"]
[Black "Grieb, Lukas"]
[Result "0-1"]
[Termination "normal"]
[Board "8.2"]
[WhiteElo "1743"]
[BlackElo "1853"]
[WhiteTeam "SC Aurich"]
[BlackTeam "SK Gau-Algesheim"]
[PlyCount "56"]
[WhiteFideId "12925462"]
[BlackFideId "1271993"]
[EventCountry "GER"]
[EventRounds "7"]
[EventType "team-swiss"]
[EventDate "2015.12.26"]

1. e4 c5 2. Nf3 Nc6 3. d4 cxd4 4. Nxd4 Nf6 5. Nc3 e6 6. Bg5 Be7 7. Qd2 d5 8.
Bb5 Bd7 9. Bxc6 Bxc6 10. e5 Nd7 11. Bxe7 Qxe7 12. f4 Nb6 13. b3 a6 14. Qe3 Nd7
15. O-O O-O 16. Rae1 g6 17. f5 exf5 18. Rxf5 gxf5 19. Nxf5 Qc5 20. Nd4 Rae8 21.
Kh1 Nxe5 22. Qg3+ Ng6 23. Nf5 Rxe1+ 24. Qxe1 d4 25. Nh6+ Kg7 26. b4 Qxc3 27.
Nf5+ Kg8 28. Qc1 d3 0-1

[Event "DVM U16 2015"]
[Site "Lingen (Ems) GER"]
[Date "2015.12.30"]
[Round "7"]
[White "Erlekam, Simon"]
[Black "Henning, Yannick"]
[Result "1-0"]
[Termination "normal"]
[Board "8.3"]
[WhiteElo "1802"]
[BlackElo "1696"]
[WhiteTeam "SK Gau-Algesheim"]
[BlackTeam "SC Aurich"]
[PlyCount "79"]
[WhiteFideId "12921416"]
[BlackFideId "12930296"]
[EventCountry "GER"]
[EventRounds "7"]
[EventType "team-swiss"]
[EventDate "2015.12.26"]

1. e4 c5 2. Nf3 Nc6 3. d4 cxd4 4. Nxd4 g6 5. Nc3 Bg7 6. Be3 Nf6 7. Bc4 O-O 8.
O-O Nxe4 9. Nxe4 d5 10. Nxc6 bxc6 11. c3 dxc4 12. Qa4 Qd5 13. Nc5 Be6 14. Rad1
Qf5 15. Rfe1 Bd5 16. h3 e5 17. Na6 Qc8 18. Nb4 Qb7 19. Qa5 Rfd8 20. Rd2 Rd7 21.
Red1 Rad8 22. a4 Bf6 23. Bc5 Bg5 24. Re2 e4 25. Bd4 f5 26. Na6 Be7 27. Nc5 Bxc5
28. Qxc5 Qb3 29. Ra1 Qb8 30. Rae1 Rb7 31. h4 Rdd7 32. Rb1 Qf4 33. Bf6 Qg4 34.
f3 Qg3 35. fxe4 fxe4 36. Rf1 Qd6 37. Qe3 Rf7 38. Ref2 Rb8 39. Bd4 Qe6 40. Rxf7
1-0

[Event "DVM U16 2015"]
[Site "Lingen (Ems) GER"]
[Date "2015.12.30"]
[Round "7"]
[White "Kittelberger, Mattis"]
[Black "Breitenbach, Justin"]
[Result "1-0"]
[Termination "normal"]
[Board "8.4"]
[WhiteElo "1567"]
[BlackElo "1456"]
[WhiteTeam "SC Aurich"]
[BlackTeam "SK Gau-Algesheim"]
[PlyCount "99"]
[WhiteFideId "12965103"]
[BlackFideId "12971383"]
[EventCountry "GER"]
[EventRounds "7"]
[EventType "team-swiss"]
[EventDate "2015.12.26"]

1. e4 e5 2. Nf3 Nc6 3. Bb5 a6 4. Ba4 Nf6 5. O-O d6 6. d4 Bg4 7. dxe5 dxe5 8.
Qxd8+ Rxd8 9. Nxe5 Bd7 10. Nxc6 Bxc6 11. Bxc6+ bxc6 12. Bf4 Rd7 13. a3 Be7 14.
Nc3 O-O 15. f3 Rb8 16. b3 Bc5+ 17. Kh1 Bd4 18. Bd2 Rbd8 19. Rfe1 Be5 20. Nb1 c5
21. Bc3 Bxc3 22. Nxc3 Rd2 23. Rad1 Rxd1 24. Rxd1 Rxd1+ 25. Nxd1 Kf8 26. Kg1 Ke7
27. Kf2 Ke6 28. Ke3 g5 29. g3 Nd7 30. f4 h6 31. Nf2 f5 32. e5 Nb6 33. c4 a5 34.
Nd3 Nd7 35. a4 g4 36. Kf2 h5 37. Ke2 Ke7 38. Kd2 Ke6 39. Kc3 Ke7 40. b4 cxb4+
41. Kd4 c5+ 42. Kd5 Nb6+ 43. Kxc5 Nxa4+ 44. Kb5 Nc3+ 45. Kxa5 b3 46. Kb4 Ne4
47. Kxb3 Nxg3 48. hxg3 h4 49. gxh4 g3 50. Ne1 1-0

[Event "DVM U16 2015"]
[Site "Lingen (Ems) GER"]
[Date "2015.12.30"]
[Round "7"]
[White "Wulfhorst, Noah"]
[Black "Philipp, Mathias"]
[Result "0-1"]
[Termination "normal"]
[Board "9.1"]
[WhiteElo "1641"]
[BlackElo "1779"]
[WhiteTeam "Gütersloher SV von 1923"]
[BlackTeam "SSV Vimaria 91 Weimar"]
[PlyCount "60"]
[WhiteFideId "12964956"]
[BlackFideId "12958883"]
[EventCountry "GER"]
[EventRounds "7"]
[EventType "team-swiss"]
[EventDate "2015.12.26"]

1. e4 e5 2. Nf3 Nc6 3. Bb5 a6 4. Ba4 Nf6 5. d3 b5 6. Bb3 Be7 7. c3 O-O 8. O-O
Bb7 9. Re1 d5 10. exd5 Nxd5 11. Nxe5 Nxe5 12. Rxe5 c6 13. Nd2 Bd6 14. Re1 Nf4
15. d4 c5 16. Ne4 Nxg2 17. Kxg2 Qh4 18. f4 c4 19. Bc2 f5 20. Bd2 Bxf4 21. Bxf4
Qxf4 22. d5 Rad8 23. Rf1 Qe5 24. Nf2 Rxd5 25. Qf3 Rd7 26. Ne4 Bxe4 27. Bxe4
Rd2+ 28. Rf2 Rxf2+ 29. Qxf2 fxe4 30. Qd2 e3 0-1

[Event "DVM U16 2015"]
[Site "Lingen (Ems) GER"]
[Date "2015.12.30"]
[Round "7"]
[White "Latka, Richard"]
[Black "Pfaffenrot, Daniel"]
[Result "1-0"]
[Termination "normal"]
[Board "9.2"]
[WhiteElo "1688"]
[BlackElo "1603"]
[WhiteTeam "SSV Vimaria 91 Weimar"]
[BlackTeam "Gütersloher SV von 1923"]
[PlyCount "127"]
[WhiteFideId "24690082"]
[BlackFideId "12964972"]
[EventCountry "GER"]
[EventRounds "7"]
[EventType "team-swiss"]
[EventDate "2015.12.26"]

1. h3 d5 2. Nf3 Nf6 3. d4 e6 4. Bg5 Be7 5. e3 b6 6. Bd3 Bb7 7. O-O O-O 8. Nbd2
c5 9. c3 Nbd7 10. Bf4 Re8 11. Ne5 Nxe5 12. Bxe5 Bd6 13. f4 Qe7 14. Qb1 h6 15.
g4 Nd7 16. Nf3 f6 17. Bxd6 Qxd6 18. Bg6 Red8 19. Nh4 Nf8 20. Bh5 Bc6 21. Bg6
Be8 22. Kg2 Bxg6 23. Nxg6 Nxg6 24. Qxg6 Qe7 25. Rae1 Qf7 26. Qc2 Rac8 27. h4 f5
28. Qe2 Qg6 29. Kh3 fxg4+ 30. Qxg4 Qxg4+ 31. Kxg4 Rf8 32. Re2 Rf6 33. h5 Rcf8
34. Rg1 Kf7 35. Reg2 Rg8 36. Kh4 cxd4 37. cxd4 b5 38. Rc1 Re8 39. Rc7+ Re7 40.
Rxg7+ Kxg7 41. Rxe7+ Rf7 42. Rxe6 Rd7 43. Rg6+ Kh7 44. Kg4 a5 45. Rb6 b4 46.
Rb5 Rg7+ 47. Kf3 Rd7 48. Rxa5 b3 49. a3 Rd6 50. Rb5 Rd7 51. Rxb3 Rd6 52. Rb7+
Kg8 53. a4 Kf8 54. a5 Ke8 55. Rb6 Rxb6 56. axb6 Kd7 57. f5 Kc6 58. f6 Kxb6 59.
f7 Kb5 60. f8=Q Kc4 61. Ke2 Kb3 62. Kd3 Ka2 63. Kc2 Ka1 64. Qa3# 1-0

[Event "DVM U16 2015"]
[Site "Lingen (Ems) GER"]
[Date "2015.12.30"]
[Round "7"]
[White "Kandler, Philipp"]
[Black "Klee, Otto"]
[Result "1-0"]
[Termination "normal"]
[Board "9.3"]
[WhiteElo "1511"]
[BlackElo "1515"]
[WhiteTeam "Gütersloher SV von 1923"]
[BlackTeam "SSV Vimaria 91 Weimar"]
[PlyCount "59"]
[WhiteFideId "16200772"]
[BlackFideId "16217519"]
[EventCountry "GER"]
[EventRounds "7"]
[EventType "team-swiss"]
[EventDate "2015.12.26"]

1. e4 c5 2. Nc3 Nc6 3. f4 e6 4. Nf3 g6 5. Bb5 Nge7 6. O-O a6 7. Bxc6 Nxc6 8. d3
Bg7 9. Qe1 O-O 10. Qg3 d5 11. e5 b5 12. Ng5 Nd4 13. Rf2 b4 14. Nd1 Qb6 15. Qh3
h6 16. Nf3 Nf5 17. g4 Ne7 18. Qh4 Re8 19. f5 exf5 20. Bxh6 f6 21. Bxg7 Kxg7 22.
g5 fxg5 23. Qxg5 Nc6 24. Qf6+ Kh6 25. Rg2 c4+ 26. Kh1 Rg8 27. Nh4 Kh7 28. Nxg6
Qc7 29. Nf8+ Rxf8 30. Qh4# 1-0

[Event "DVM U16 2015"]
[Site "Lingen (Ems) GER"]
[Date "2015.12.30"]
[Round "7"]
[White "Katzschmann, Christian"]
[Black "Fortenbacher, Dominic"]
[Result "0-1"]
[Termination "normal"]
[Board "9.4"]
[WhiteElo "1364"]
[BlackElo "1592"]
[WhiteTeam "SSV Vimaria 91 Weimar"]
[BlackTeam "Gütersloher SV von 1923"]
[PlyCount "76"]
[WhiteFideId "12983667"]
[BlackFideId "16200780"]
[EventCountry "GER"]
[EventRounds "7"]
[EventType "team-swiss"]
[EventDate "2015.12.26"]

1. d4 d5 2. Nf3 e6 3. e3 Nf6 4. Bd3 Nbd7 5. O-O Bd6 6. b3 c5 7. Bb2 b6 8. Ne5
cxd4 9. exd4 Qc7 10. f4 Nf8 11. Nc3 a6 12. Ne2 Ng6 13. Rc1 Bb7 14. Ng3 O-O 15.
Qe2 Rfe8 16. Nh1 Nd7 17. g3 Bxe5 18. fxe5 f6 19. exf6 gxf6 20. Qg4 Kf7 21. Rce1
Qc6 22. h4 Rg8 23. Qh5 Rg7 24. Bc1 $11 Rh8 25. Bh6 Rgg8 26. Re2 Re8 27. Ref2 e5
28. Bg5 e4 29. Be2 e3 30. Rf3 Re6 31. Rxe3 Rxe3 32. Bxe3 Qxc2 33. Bf3 Qc6 34.
Rc1 Qe6 35. Re1 f5 36. Kf1 Nf6 37. Qg5 h6 38. Qxf6+ Qxf6 0-1

[Event "DVM U16 2015"]
[Site "Lingen (Ems) GER"]
[Date "2015.12.30"]
[Round "7"]
[White "Baars, Pascal"]
[Black "Schmitz, Fabian"]
[Result "0-1"]
[Termination "normal"]
[Board "10.4"]
[WhiteElo "1011"]
[BlackElo "1634"]
[WhiteTeam "SV Lingen"]
[BlackTeam "VfSuF 1975 Düsseldorf-Süd"]
[PlyCount "54"]
[WhiteFideId "16217527"]
[BlackFideId "12965006"]
[EventCountry "GER"]
[EventRounds "7"]
[EventType "team-swiss"]
[EventDate "2015.12.26"]

1. d4 Nf6 2. Nf3 g6 3. g3 Bg7 4. Bg2 d6 5. O-O O-O 6. a4 a6 7. Re1 Nbd7 8. Nc3
e5 9. dxe5 dxe5 10. a5 Nh5 11. Be3 h6 12. Qd2 Kh7 13. Red1 f5 14. Qd5 Qe8 15.
Bc1 Rb8 16. Bh3 Rf6 17. b3 e4 18. Ne1 Rd6 19. Qc4 Rxd1 20. Nxd1 Bxa1 21. Qxc7
Be5 22. Qc4 Ndf6 23. f3 Bd7 24. g4 fxg4 25. fxg4 Bxg4 26. Bxg4 Nxg4 27. Qxe4
Bxh2+ 0-1